An introduction to the sociology of rural development

Αποθηκεύτηκε σε:
Λεπτομέρειες βιβλιογραφικής εγγραφής
Κύριος συγγραφέας: Long, Norman
Μορφή: Βιβλίο
Γλώσσα:English
Δημοσίευση: London : Tavistock, 1977
Θέματα:
Ετικέτες: Προσθήκη ετικέτας
Δεν υπάρχουν, Καταχωρήστε ετικέτα πρώτοι!

MARC

LEADER 00000cam a2200000 i 4500
001 1/27546
008 060404s1977 eng d
020 |a 0-422-74490-5 
035 |l 10083430 
040 |a GR-MY-UA  |b gre  |e aacr 
041 0 |a eng 
082 0 |a 307.1412  |2 (22) 
100 1 |a Long, Norman. 
245 1 3 |a An introduction to the sociology of rural development /  |c Norman Long 
260 |a London :   |b Tavistock,   |c 1977 
300 |a 221 σ.;  |c 23 εκ. 
500 |a Έχει γίνει ανατύπωση αυτού του βιβλίου το 1980 
504 |a Περιέχει βιβλιογραφία (σ. 202-215) και ευρετήριο 
650 0 0 |a Rural development. 
852 |a INST  |b LESVOS  |e 20060404  |h 307.1412 LON  |p 005100034828  |q 005100034828  |t BK  |y 0 
901 |a BIBL1-2006-1 
909 |a Λ  |b 126245 
970 |a ΚΑΡΑ  |b ΓΙΑΣΕΜΗ  |z 2006/04/04